000 01026nas a2200313 4500
001 BR2016003330
003 BR-BrBNA
005 20231205130510.0
007 ta
008 230509b bl.|||p| |||| 00| 00por d
040 _aBR-BrBNA
_bpor
_cBiblioteca Nacional de Agricultura
041 _a(Pt)
072 _aF30
100 1 _aManfio, C.E.
100 1 _aMotoike, S.Y.
100 1 _aResende, M.D.V. de
100 1 _aSantos, C.E.M. dos
100 1 _aSato, A.Y.
245 1 _aAvaliação de progênies de macaúba na fase juvenil e estimativas de parâmetros genéticos e diversidade genética
650 _aMACAÚBA
650 _aPALMEIRA OLEAGINOSA
650 _aPROGÊNIE
650 _aPARÂMETRO GENÉTICO
650 _aHEREDITARIEDADE
773 0 _tPesquisa Florestal Brasileira (Brazil)
_xISSN 1983-2605
_g(Jan-Mar 2012), v. 32(69) p. 63-68
_wBR2016003330
856 4 0 _uhttp://pfb.cnpf.embrapa.br/pfb/index.php/pfb/article/view/283
909 _a202311
_bLúcia
_c55
_dLúcia Elande
942 _2AGRIS
_n0
_cANA
999 _c249766
_d249766